Loading...
Language of kanikkar/
| Main Author: | |
|---|---|
| Format: | Printed Book |
| Language: | English |
| Published: |
1994.
|
| Subjects: |
| LEADER | 00476nam a22001457a 4500 | ||
|---|---|---|---|
| 008 | 170519b xxu||||| |||| 00| 0 eng d | ||
| 999 | |c 18308 |d 18308 | ||
| 082 | |a P 494.1 |b SHI | ||
| 100 | |a Shibu, M. R | ||
| 245 | |a Language of kanikkar/ |c Shibu M. R | ||
| 260 | |c 1994. | ||
| 300 | |a 118p. | ||
| 650 | |a Thesis | ||
| 942 | |2 ddc |c REF | ||
| 952 | |0 0 |1 0 |2 ddc |4 0 |5 1 |6 P_494_100000000000000_SHI |7 0 |9 25524 |a MAIN |b MAIN |d 2017-05-19 |e Prabhothachandra shekaram |o P 494.1 SHI |p 25825 |r 2017-05-19 |w 2017-05-19 |y REF | ||